Elazığ, Malatya, Tunceli, Bingöl İlleri Enerji Forumu 2010 (Record no. 10404)

MARC details
000 -BAŞLIK
Sabit Uzunlukta Kontrol Alanı 01123na a2200289 4500
001 - KONTROL NUMARASI
Denetim Alanı 23894
003 - KONTROL NUMARASI IDENTIFIER
Denetim Alanı MIRAKIL
005 - SON İŞLEM TARİHİ VE ZAMANI
Denetim Alanı 20181213155320.0
008 - SABİT-BOY VERİ ELEMANLARI - GENEL BİLGİLER
Sabit Uzunlukta Kontrol Alanı 180118b tu 000 0
020 ## - ULUSLARARASI STANDART KİTAP NUMARASI
Uluslararası Standart Kitap Numarası 9786050102734
040 ## - KATALOGLAMA KAYNAK
Orijinal Kataloglama Ajansı Milas
Kataloglama Dili tur
Metne Dönüştürmek Ajansı TR-AnCHP
041 ## - DİL KODU
Metin / Ses Parça Veya Ayrı Başlığın Dil Kodu tur
082 ## - DEWEY ONLU SINIFLANDIRMA NUMARASI
Sınıflandırma Numarası 333.79
Ürün Numarası E42 2012
090 ## - SINIFLAMA NUMARASI
Sınıflama Numarası 333.79 E42 2012
111 ## - ANA GİRİŞ - TOPLANTI ADI
Giriş Elemanı Olarak Toplantı Adı Veya Yargı Alanı Adı Elazığ, Malatya, Tunceli, Bingöl İlleri Enerji Forumu
Toplantının Yeri Diyarbakır
Toplantı Veya Antlaşma İmzalandığı Tarihi 2010
245 ## - BAŞLIK TABLOSU
Başlık Elazığ, Malatya, Tunceli, Bingöl İlleri Enerji Forumu 2010
Başlığın Kalan bildiriler kitabı
Sorumluluk Tablosu, Vb yayına hazırlayan Elektrik Mühendisleri Odası Diyarbakır Şubesi
260 ## - YAYIN, DAĞITIM, VB
Yayın, Dağıtım, Vb Yeri Diyarbakır
Yayıncı, Dağıtıcı, Vs Adı Elektrik Mühendisleri Odası Diyarbakır Şubesi
Yayın, Dağıtım, Vb Tarihi 2012
300 ## - FİZİKSEL TANIM
Kapsam 79 s.
Diğer Fiziksel Ayrıntıları res.; tbl.; grf.; hrt.; şkl.
Boyutlar 29 sm.
490 ## - SERİSİ TABLOSU
Seri Beyanı EMO
Hacim / Ardışık Tanımı SK/2012/5
650 ## - KONU KATMA GİRİŞ - TOPİKAL DÖNEM
Topikal Süreli Veya Coğrafi Ad Giriş Elemanı Enerji
Genel Alt Bölümü verimlilik
650 ## - KONU KATMA GİRİŞ - TOPİKAL DÖNEM
Topikal Süreli Veya Coğrafi Ad Giriş Elemanı Elektrik enerjisi
Genel Alt Bölümü Toplantılar
Coğrafi Alt Bölümü Bingöl
650 ## - KONU KATMA GİRİŞ - TOPİKAL DÖNEM
Topikal Süreli Veya Coğrafi Ad Giriş Elemanı Elektrik enerjisi
Genel Alt Bölümü Toplantılar
Coğrafi Alt Bölümü Tunceli
650 ## - KONU KATMA GİRİŞ - TOPİKAL DÖNEM
Topikal Süreli Veya Coğrafi Ad Giriş Elemanı Elektrik enerjisi
Genel Alt Bölümü Toplantılar
Coğrafi Alt Bölümü Malatya
650 ## - KONU KATMA GİRİŞ - TOPİKAL DÖNEM
Topikal Süreli Veya Coğrafi Ad Giriş Elemanı Elektrik enerjisi
Genel Alt Bölümü Toplantılar
Coğrafi Alt Bölümü Elazığ
710 ## - KATMA GİRİŞ - KURUMSAL ADI
Giriş Elemanı Olarak Kurumsal Ad Veya Yargı Alanı Adı Elektrik Mühendisleri Odası Diyarbakır Şubesi
942 ## - EKLENDİ GİRİŞ ELEMANLARI (KOHA)
Sınıflandırma Veya Raf Düzeni Kaynak Dewey Decimal Classification
Koha Öğesi Türü Books
999 ## - SİSTEM KONTROL NUMARALARI (KOHA)
Koha Biblionumber 10404
Koha Biblioitemnumber 10404
Holdings
Kalıcı Konum Mevcut Konum Edinme Tarihi Edinim Kaynak Toplam Check-Out'Lar Tam Çağrı Numarası Barkod Tarih Son Görülme İtibaren Geçerli Fiyatlar Koha Öğesi Türü
CHP Kütüphanesi CHP Kütüphanesi 01/18/2018 Bağış   333.79 E42 2012 017875 01/18/2018 01/18/2018 Books